| 000 | 00857nam a2200241Ia 4500 | ||
|---|---|---|---|
| 003 | GCL | ||
| 008 | 140319s9999 xx 000 0 ara d | ||
| 040 |
_aGCL / _cGCL |
||
| 082 | 0 | 4 |
_a956.91 _bا م |
| 100 | 1 | _aانتونى سوريال عبد المسيح | |
| 245 | 1 | 0 |
_aمشكلة دير السلطان بالقدس (دراسة وثائقية للصراع التاريخى بين الاقباط والاثوبين على الدير ) / _cانتونى سوريال عبد المسيح |
| 260 |
_a[S.N] : _bمكتبة مدبولى ، _c1991 |
||
| 300 | _a158 ص | ||
| 490 | _a | ||
| 650 | 0 | 4 | _aمصر |
| 650 | 0 | 4 | _aالنزاع العربى الاسرائيلى |
| 650 | 0 | 4 | _aالاماكن المقدسة |
| 650 | 0 | 4 | _aالقدس |
| 650 | 0 | 4 | _aالوثائق |
| 650 | 0 | 4 | _aدير السلطان |
| 650 | 0 | 4 | _aاثيوبيا |
| 942 |
_2ddc _cBK |
||
| 999 |
_c56115 _d56115 |
||